000
00347nam a2200145Ia 4500
008
230312s9999||||xx |||||||||||||| ||und||
020
_a
9789699739934
082
_a
891.4
_b
FAR-Y
100
_a
فیروز شاہ گیلانی
245
0
_a
یاد ترکی
260
_b
Jamhori
_a
pak
_c
2014
300
_a
152
650
_a
Literature
942
_c
BK
999
_c
14871
_d
14871